8051 Microcontroller: Hardware, Software and Application (Record no. 132540)
[ view plain ]
| 000 -LEADER | |
|---|---|
| fixed length control field | 00405nam a2200133Ia 4500 |
| 008 - FIXED-LENGTH DATA ELEMENTS--GENERAL INFORMATION | |
| fixed length control field | 220120s9999||||xx |||||||||||||| ||und|| |
| 020 ## - INTERNATIONAL STANDARD BOOK NUMBER | |
| International Standard Book Number | 9788131706008 |
| 082 ## - DEWEY DECIMAL CLASSIFICATION NUMBER | |
| Classification number | 004.165 UDA |
| 100 ## - MAIN ENTRY--PERSONAL NAME | |
| Personal name | Udayashankara, V & Mallikarjunaswamy, M S |
| 245 #0 - TITLE STATEMENT | |
| Title | 8051 Microcontroller: Hardware, Software and Application |
| 260 ## - PUBLICATION, DISTRIBUTION, ETC. | |
| Place of publication, distribution, etc. | Tata mcgraw hill |
| Name of publisher, distributor, etc. | New Delhi |
| Date of publication, distribution, etc. | 2011 |
| 300 ## - PHYSICAL DESCRIPTION | |
| Extent | xxi;598 |
| Other physical details | 465 |
| 650 ## - SUBJECT ADDED ENTRY--TOPICAL TERM | |
| Topical term or geographic name entry element | MECHANICAL |
| Withdrawn status | Lost status | Damaged status | Not for loan | Collection code | Home library | Current library | Date acquired | Barcode | Date last seen | Price effective from | Koha item type |
|---|---|---|---|---|---|---|---|---|---|---|---|
| Computer Science and Engineering | Central Library | Central Library | 01/20/2022 | ST196 | 01/20/2022 | 01/20/2022 | Scheduled Tribe Book Bank |